Best Balkan Countries to live in - Statistics

General Stats
  • This quiz has been taken 388 times
    360 since last reset
  • The average score is 10 of 12
Answer Stats
Hint Answer % Correct
10 Serbia
99%
5 Croatia
98%
1 Greece
96%
8 Romania
96%
4 Slovenia
96%
7 Albania
95%
9 Bulgaria
95%
11 Bosnia and Herzegovina
93%
3 Turkey
92%
12 Montenegro
91%
2 Italy
77%
6 Rep. of Macedonia
20%
No matching quizzes found
Score Distribution
Percent of People with Each Score
Percentile by Number Answered
Your Score History
You have not taken this quiz since the last reset